000 00839nam a22002417a 4500
999 _c15063
_d15063
003 AR-CdUCM
008 190415b ||||| |||| 00| 0 spa d
020 _a978-612-301-927-3
040 _aMUNICIPALIDAD PROVINCIAL DEL CUSCO
_cBIBLIOTECA MUNICIPAL DEL CUSCO
082 _aEP / 803 /
_bV74
100 _aVirhuez Villafane, Ricardo.
_934065
245 _aLa runamula :
_bEl relincho de la muerte /
260 _aLima :
_bQG editores S.A.C.,
_c2013.
300 _a45 páginas ;
_c21 cm.
440 _aLeyendas tenebrosas del Perú .
_n7
_934075
500 _aYo leo plan lector.
505 _aContenido :La runamula, el relincho de la muerte .
650 _aHistorietas.
_910786
650 _aCuentos de terror.
_931714
700 _aAyala, Gabriela y Mateo (Ilustraciones)
_934050
942 _2ddc
_cLIBROS
945 _arum
_d2019-04-25